[Event "ARG-ch sf"]
[Site "Buenos Aires"]
[Date "1998.??.??"]
[Round "2"]
[White "Giampa, Alejandro"]
[Black "Ippoliti, Horacio Alberto"]
[Result "0-1"]
[WhiteElo "2190"]
[BlackElo "2225"]
[PlyCount "63"]
[EventDate "1998.??.??"]
[EventType "swiss"]
[EventRounds "9"]
[EventCountry "ARG"]
[SourceTitle "EXT 2000"]
[Source "ChessBase"]
[SourceDate "1999.11.16"]
[SourceVersion "1"]
[SourceVersionDate "1999.11.16"]
[SourceQuality "1"]

1. d4 Nf6 2. Nc3 d5 3. Bg5 e6 4. e4 dxe4 5. Nxe4 Be7 6. Bxf6 gxf6 7. Nf3 b6 8. Bb5+ c6 9. Ba4 Bb7 10. Qe2 Nd7 11. c4 Qc7 12. 0-0 0-0 13. Qe3 Kh8 14. Rac1 Bd6 15. Nxd6 Qxd6 16. Rfd1 Rad8 17. Qh6 Rg8 18. d5 exd5 19. Nd4 Nf8 20. Bc2 Bc8 21. cxd5 cxd5 22. Bd3 Bd7 23. Re1 Rg5 24. g3 Kg8 25. h4 Re5 26. Nf3 Re7 27. Rxe7 Qxe7 28. Rc7 a5 29. Nd4 Qe5 30. Rxd7 Rxd7 31. Nf5 Ne6 32. Ne7+ 0-1